书目信息 |
| 书名: | VENICE 2008 | |
| 作者: | Rick Steves | |
| 分册号: | ||
| 分册名: | 出版地: | U.S.A |
|
| 出版社: | AVALON TRAVEL | |
| 出版时间: | 2010 | |
| 页数: | 362P | |
| 开本: | 20cm | |
| 丛书名: | ||
| 中图分类号: | ||
| 科图分类号: | ||
| 其他分类号: | K954.69 | |
| 主题词: | ||
| 电子资源: | ||
| 000 | 00473nam0 2200193 450 | |
| 001 | 052012180529 | |
| 005 | 20121107092556.0 | |
| 008 | 20021229d1997 em y0chiy0121 ea | |
| 020 | @a978-1-5669-1869-5@c$17.95 | |
| 041 | @aeng | |
| 091 | @ak954.69 | |
| 099 | @dK954.69@eR539 | |
| 100 | @aRick Steves | |
| 245 | 10 | @aVENICE 2008@cRick Steves |
| 260 | @aU.S.A@bAVALON TRAVEL@c2010 | |
| 300 | @a362P@c20cm | |
| 521 | @aVENICE 2008 | |
| 905 | @b7728-9 | |
| 905 | @aTSG@dK954.69@eR539 | |
| VENICE 2008 / Rick Steves.-U.S.A : AVALON TRAVEL , 2010 |
| 362P ; 20cm |
| VENICE 2008 |
| ISBN 978-1-5669-1869-5$17.95 |
| ● |
| 相关链接 |
|
|
|
正题名:VENICE 2008
索取号:K954.69/R539
 
预约/预借
| 序号 | 登录号 | 条形码 | 馆藏地/架位号 | 状态 | 备注 |
| 1 | 7728 | 300077280 | 社科库309/309社科库 999排4列1层/ [索取号:K954.69/R539] | 在馆 | |
| 2 | 7729 | 300077299 | 社科库309/309社科库 999排4列1层/ [索取号:K954.69/R539] | 在馆 |